Trouve le personnage ACOTAR - Statistiques

Statistiques générales
  • Ce quiz a été pris 308 fois
  • Le résultat moyen est 11 sur 15
Statistiques - réponses
Hint Réponse % Correct
grand seigneur, nuit, daemati rhysand
99%
peinture, 19 ans, tatouage feyre
98%
renard, oeil, roux lucien
98%
grand seigneur, blond, bête tamlin
93%
général des armées, chignon, illyrien cassian
92%
ombres, illyrien, ailes azriel
91%
fleurs, fragile, prophétie elain
87%
petite, redoutée, bras droit amren
85%
rouge, blonde, cousine morrigan
85%
marmite, pouvoir, divinité le chaudron
73%
monstre, ami, piège suriel
52%
prêtresse, blonde, main ianthe
47%
chaumière, bague, monstre la tisserande
46%
prison, créature, os graveur d'os
43%
monstre, terrifiant, fenêtre bryaxis
29%
Aucun quiz correspondant
Distribution des résultats
% des personnes avec chaque résultat
Percentile par nombre de réponses
Votre historique - résultats
Vous n’avez pas pris ce quiz